| 000 | 00734nam a22002177a 4500 | ||
|---|---|---|---|
| 005 | 20170515123821.0 | ||
| 010 | _aENG-118150 | ||
| 020 |
_a8184541066(HB) _c595.00 |
||
| 020 |
_a9788184541069 (HB) _c595.00 |
||
| 020 |
_a8184541104 (PB) _c595.00 |
||
| 020 |
_a9788184541106 (PB) _c595.00 |
||
| 035 | _aEN-101682 | ||
| 037 | _bDBAD/PUB | ||
| 082 | _a954.0841092 | ||
| 100 | _aSingh, Chander Pal | ||
| 245 |
_aBhagat Singh Revisited _bHistorigraphy, biography and ideology of the great martyr / _cby Chander Pal Singh |
||
| 260 |
_aNew Delhi _bOriginals _c2011 |
||
| 270 | _aA-6,Nimri Commercial Center,Ashok Vihar Phase-IV, Delhi-110052 | ||
| 300 |
_a368p. _c21cm. (Hb)_ |
||
| 942 |
_2ddc _cEN _h954.0841092 _mSIN |
||
| 999 |
_c139872 _d139872 |
||